| 000 | 00622nam a2200205Ia 4500 | ||
|---|---|---|---|
| 003 | GCL | ||
| 008 | 140319s9999 xx 000 0 ara d | ||
| 040 |
_aGCL / _cGCL |
||
| 082 | 0 | 4 |
_a962.41 _bم م |
| 245 | 1 | 0 | _aمقاومة السودان الحديث للغزو والتسلط |
| 260 |
_a[S.N] : _bمعهد البحوث والدراسات العربية ، _c1972 |
||
| 300 | _a124 ص | ||
| 490 | _a | ||
| 650 | 0 | 4 | _aالعصر الحديث |
| 650 | 0 | 4 | _aتاريخ |
| 650 | 0 | 4 | _aالسودان |
| 650 | 0 | 4 | _aالثورة المهدية |
| 650 | 0 | 4 | _aالحكم المصرى البريطانى |
| 942 |
_2ddc _cBK |
||
| 999 |
_c55649 _d55649 |
||